Finland National Football Team - Statistics

General Stats
  • This quiz has been taken 150 times
  • The average score is 5 of 15
Answer Stats
Goals Caps Player % Correct
43 133 Teemu Pukki
88%
32 137 Jari Litmanen
85%
0 102 Lukas Hradecky
65%
5 105 Sami Hyypiä
61%
18 85 Joel Pohjanpalo
50%
29 87 Mikael Forssell
28%
1 84 Tim Sparv
22%
22 105 Jonatan Johansson
19%
18 70 Mika-Matti Paatelainen
15%
11 98 Joonas Kolkka
12%
20 100 Ari Hjelm
8%
16 38 Aulis Koponen
3%
17 32 Verner Eklöf
3%
0 84 Erkka Petäjä
2%
16 43 Gunnar Åström
2%
No matching quizzes found
Score Distribution
Percent of People with Each Score
Percentile by Number Answered
Your Score History
You have not taken this quiz